000 01171cam a2200361 i 4500
001 123449
005 20230410103838.0
008 140527s2014 fr b 001 0 fre
035 _a18205106
925 0 _aacquire
_b1 shelf copy
_xpolicy default
942 _2lcc
_cbk
010 _a 2014454630
020 _a9782130624516
035 _a(FrPJT)JTL20013160
040 _aDLC
_beng
_cDLC
_erda
042 _apcc
043 _aa-cc---
050 1 4 _a408 DS 779.46
_bF879p 2014
082 0 0 _a951
100 1 _aFrenkiel, Emilie.
245 1 0 _aParler politique en Chine :
_bles intellectuels chinois pour ou contre la démocratie /
_cÉmilie Frenkiel.
260 _aParis :
_bPresses universitaires de France,
_c2014.
300 _a316 p. ;
_c22 cm
504 _aIncludes bibliographical references and index.
650 0 _aIntellectuals
_xPolitical activity
_zChina
_xHistory.
650 0 _aDemocracy
_zChina.
651 0 _aChina
_xPolitics and government
_y21st century.
650 0 _aPolitical activists
_zChina
_xHistory.
651 4 _aChina
_xVida intelectual
650 4 _aIntelectuales
_zChina
923 _d20140618
_nB10010737
_s93000601
946 _aJaaM
999 _c26942
_d26942